| 000 | 00908nam a2200265 a 4500 | ||
|---|---|---|---|
| 001 | 000020450 | ||
| 003 | DO-SdBNP | ||
| 005 | 20250113085454.0 | ||
| 007 | ta | ||
| 008 | 100809s2013 dr a 000 0 spa d | ||
| 020 | _a9789945886146 | ||
| 040 |
_aDO-SdBNP _bspa _cBNPHU |
||
| 041 | _hspa | ||
| 082 |
_axxx _bP116g _222 |
||
| 100 | 1 |
_aPacheco Salazar Berenice _eautor _943123 |
|
| 245 | 0 |
_aGuía para la promoción de la cultura escrita:. : _bcultivando el amor por la lectura y la escritura en escuelas y comunidades / _cBerenice Pacheco Salazar. |
|
| 264 |
_aSanto Domingo :, : _bOrganización de Estados Iberoamericanos para la Educación, _c2013. |
||
| 300 |
_a111 páginas : _bilustraciones ; _c24 cm. |
||
| 336 |
_ardacontent _btexto _2txt |
||
| 337 |
_ardamedia _bsin mediación _2n |
||
| 338 |
_ardacarrier _bvolumen _2nc |
||
| 590 | _aInventariado, 2020 / DG | ||
| 910 | _aDG | ||
| 942 |
_2ddc _cLBS1 |
||
| 999 |
_c19954 _d19954 |
||